MARC details
| 000 -LEADER |
| fixed length control field |
03170cam a2200433 i 4500 |
| 001 - CONTROL NUMBER |
| control field |
1267402996 |
| 003 - CONTROL NUMBER IDENTIFIER |
| control field |
OCoLC |
| 005 - DATE AND TIME OF LATEST TRANSACTION |
| control field |
20241126110714.0 |
| 008 - FIXED-LENGTH DATA ELEMENTS--GENERAL INFORMATION |
| fixed length control field |
210825s2022 ilua b 001 0 eng |
| 010 ## - |
| -- |
2021041930 |
| 020 ## - INTERNATIONAL STANDARD BOOK NUMBER |
| International Standard Book Number |
9781514001127 |
| Qualifying information |
paperback |
| 020 ## - INTERNATIONAL STANDARD BOOK NUMBER |
| International Standard Book Number |
1514001128 |
| Qualifying information |
paperback |
| 020 ## - INTERNATIONAL STANDARD BOOK NUMBER |
| Canceled/invalid ISBN |
9781514001134 |
| Qualifying information |
digital |
| 035 ## - SYSTEM CONTROL NUMBER |
| System control number |
(OCoLC)1267402996 |
| 040 ## - CATALOGING SOURCE |
| Original cataloging agency |
DLC |
| Language of cataloging |
eng |
| Description conventions |
rda |
| Transcribing agency |
DLC |
| Modifying agency |
OCLCO |
| -- |
OCLCF |
| -- |
IHT |
| -- |
YDX |
| -- |
BDX |
| -- |
DTM |
| 042 ## - |
| -- |
pcc |
| 050 00 - |
| -- |
BS511.3 |
| -- |
.C675 2022 |
| 082 00 - DEWEY DECIMAL CLASSIFICATION NUMBER |
| Classification number |
220.6 |
| Edition information |
23 |
| Item number |
COV |
| 092 ## - LOCALLY ASSIGNED DEWEY CALL NUMBER (OCLC) |
| Classification number |
220.6 |
| Item number |
C83p |
| 245 00 - TITLE STATEMENT |
| Title |
Covenantal and dispensational theologies : |
| Remainder of title |
four views on the continuity of Scripture / |
| Statement of responsibility, etc. |
Brent E. Parker and Richard J. Lucas, eds. ; with contributions from Michael Horton, Stephen Wellum, Darrell Bock, and Mark Snoewberger. |
| 264 #1 - PRODUCTION, PUBLICATION, DISTRIBUTION, MANUFACTURE, AND COPYRIGHT NOTICE |
| Place of production, publication, distribution, manufacture |
Downers Grove, Illinois : |
| Name of producer, publisher, distributor, manufacturer |
IVP Academic, an imprint of InterVarsity Press, |
| Date of production, publication, distribution, manufacture, or copyright notice |
[2022] |
| 300 ## - PHYSICAL DESCRIPTION |
| Extent |
x, 266 pages : |
| Other physical details |
illustrations ; |
| Dimensions |
23 cm. |
| 336 ## - CONTENT TYPE |
| Content type term |
text |
| Content type code |
txt |
| Source |
rdacontent |
| 337 ## - MEDIA TYPE |
| Media type term |
unmediated |
| Media type code |
n |
| Source |
rdamedia |
| 338 ## - CARRIER TYPE |
| Carrier type term |
volume |
| Carrier type code |
nc |
| Source |
rdacarrier |
| 490 1# - SERIES STATEMENT |
| Series statement |
Spectrum multiview books |
| 504 ## - BIBLIOGRAPHY, ETC. NOTE |
| Bibliography, etc. note |
Includes bibliographical references and indexes. |
| 505 00 - FORMATTED CONTENTS NOTE |
| Title |
Introduction to covenantal and dispensational theologies: four views on the continuity of Scripture / |
| Statement of responsibility |
Brent E. Parker and Richard J. Lucas -- |
| Miscellaneous information |
Main Essays -- |
| Title |
Covenant Theology / |
| Statement of responsibility |
Michael S. Horton -- |
| Title |
Progressive Covenantalism / |
| Statement of responsibility |
Stephen J. Wellum -- |
| Title |
Progressive Dispensationalism / |
| Statement of responsibility |
Darrell L. Bock -- |
| Title |
Traditional Dispensationalism / |
| Statement of responsibility |
Mark A. Snoeberger -- |
| Miscellaneous information |
Responses -- |
| Title |
A Covenant Theology Response / |
| Statement of responsibility |
Michael S. Horton -- |
| Title |
A Progressive Covenantalism Response / |
| Statement of responsibility |
Stephen J. Wellum -- |
| Title |
A Progressive Dispensationalism Response / |
| Statement of responsibility |
Darrell L. Bock -- |
| Title |
A Traditional Dispensationalism Response / |
| Statement of responsibility |
Mark A. Snoeberger -- Conclusion / Brent E. Parker and Richard J. Lucas. |
| 520 ## - SUMMARY, ETC. |
| Summary, etc. |
"How do the Old and New Testaments relate to each other? What is the relationship among the biblical covenants? In this volume in IVP Academic's Spectrum series, readers will find four contributors who explore these complex questions, each making a case for their own view and responding to the others' views to offer an animated yet irenic discussion on the continuity of Scripture"-- |
| Assigning source |
Provided by publisher. |
| 630 00 - SUBJECT ADDED ENTRY--UNIFORM TITLE |
| Uniform title |
Bible |
| General subdivision |
Criticism, interpretation, etc. |
| Authority record control number or standard number |
https://id.loc.gov/authorities/subjects/sh85013617 |
| 9 (RLIN) |
144 |
| 650 #0 - SUBJECT ADDED ENTRY--TOPICAL TERM |
| Topical term or geographic name entry element |
Covenant theology. |
| Authority record control number or standard number |
https://id.loc.gov/authorities/subjects/sh85033615 |
| 9 (RLIN) |
2347 |
| 650 #0 - SUBJECT ADDED ENTRY--TOPICAL TERM |
| Topical term or geographic name entry element |
Dispensationalism. |
| Authority record control number or standard number |
https://id.loc.gov/authorities/subjects/sh85038451 |
| 9 (RLIN) |
4045 |
| 655 #7 - INDEX TERM--GENRE/FORM |
| Genre/form data or focus term |
Criticism, interpretation, etc. |
| Source of term |
fast |
| Authority record control number or standard number |
https://id.worldcat.org/fast/1411635 |
| 9 (RLIN) |
1372 |
| 700 1# - ADDED ENTRY--PERSONAL NAME |
| Personal name |
Parker, Brent E., |
| Dates associated with a name |
1978- |
| Authority record control number or standard number |
https://id.loc.gov/authorities/names/n2021047081 |
| Relator term |
editor. |
| 9 (RLIN) |
16605 |
| 700 1# - ADDED ENTRY--PERSONAL NAME |
| Personal name |
Lucas, Richard James, |
| Dates associated with a name |
1981- |
| Authority record control number or standard number |
https://id.loc.gov/authorities/names/n2021047085 |
| Relator term |
editor. |
| 9 (RLIN) |
16606 |
| 776 08 - ADDITIONAL PHYSICAL FORM ENTRY |
| Relationship information |
Online version: |
| Title |
Covenantal and dispensational theologies |
| Place, publisher, and date of publication |
Downers Grove, IL : InterVarsity Press, 2021 |
| International Standard Book Number |
9781514001134 |
| Record control number |
(DLC) 2021041931 |
| 830 #0 - |
| -- |
Spectrum multiview books. |
| -- |
https://id.loc.gov/authorities/names/no2012075127 |
| -- |
14027 |
| 942 ## - ADDED ENTRY ELEMENTS (KOHA) |
| Source of classification or shelving scheme |
Dewey Decimal Classification |
| Koha item type |
Books |
| Koha issues (borrowed), all copies |
1 |